[Event "IND-ch U12 Girls"]
[Site "Srinivasapura"]
[Date "2022.04.13"]
[Round "10"]
[White "Nivedita, VC."]
[Black "Prishita, Gupta"]
[Result "1-0"]
[WhiteElo "1230"]
[BlackElo "1417"]
[PlyCount "75"]
[EventDate "2022.04.09"]
[EventType "swiss"]
[EventRounds "11"]
[EventCountry "IND"]
[SourceTitle "EXT 2023"]
[Source "ChessBase"]
[SourceDate "2022.10.05"]
[SourceVersion "1"]
[SourceVersionDate "2022.10.05"]
[SourceQuality "1"]

1. d4 d5 2. c4 e6 3. Nc3 Nf6 4. Bf4 c6 5. e3 Bd6 6. Bg3 Qc7 7. Nf3 Nbd7 8. Bd3 b6 9. 0-0 0-0 10. Rc1 Bxg3 11. hxg3 Qb8 12. e4 dxe4 13. Nxe4 Bb7 14. c5 Nxe4 15. Bxe4 bxc5 16. Qc2 Nf6 17. dxc5 h6 18. Rfd1 Nd5 19. Bxd5 exd5 20. Re1 Qc7 21. Nd4 g6 22. Re3 Qd8 23. Ne6 fxe6 24. Qxg6+ Kh8 25. Qxh6+ Kg8 26. Qg6+ Kh8 27. Re5 Rf5 28. Qh6+ Kg8 29. Rxe6 Rg5 30. Rce1 Rg7 31. Qh5 Rf7 32. Qg6+ Kf8 33. Qh6+ Rg7 34. Re7 Qxe7 35. Rxe7 Kxe7 36. Qxg7+ Ke8 37. Qxb7 Rd8 38. Qxc6+ 1-0

[Event "IND-ch U20 Girls 50th"]
[Site "Gurugram"]
[Date "2022.03.09"]
[Round "2"]
[White "Bommini, Mounika Akshaya"]
[Black "Prishita, Gupta"]
[Result "1-0"]
[WhiteElo "2145"]
[BlackElo "1412"]
[PlyCount "65"]
[EventDate "2022.03.09"]
[EventType "swiss"]
[EventRounds "9"]
[EventCountry "IND"]
[SourceTitle "EXT 2023"]
[Source "ChessBase"]
[SourceDate "2022.10.05"]
[SourceVersion "1"]
[SourceVersionDate "2022.10.05"]
[SourceQuality "1"]

1. d4 d5 2. c4 e6 3. Nc3 Nf6 4. cxd5 exd5 5. Bg5 Be7 6. e3 Nbd7 7. Bd3 b6 8. Nge2 Bb7 9. 0-0 0-0 10. Rc1 c5 11. Re1 Rc8 12. Bb1 h6 13. Bh4 a6 14. h3 c4 15. a4 Bc6 16. Bg3 b5 17. axb5 axb5 18. e4 b4 19. Nxd5 Nxd5 20. exd5 Bxd5 21. Nf4 Bb7 22. Qc2 Nf6 23. Bh4 g5 24. Nh5 Ne4 25. Rxe4 f5 26. Re5 gxh4 27. Rxf5 Rxf5 28. Qxf5 Qd5 29. Qh7+ Kf8 30. Nf4 Qf7 31. Ng6+ Ke8 32. Qh8+ Bf8 33. Re1+ 1-0

[Event "Eastern Asia-ch U10 Girls"]
[Site "Tornelo INT"]
[Date "2021.10.23"]
[Round "4"]
[White "Shadanpour, Sana"]
[Black "Prishita, Gupta"]
[Result "1-0"]
[WhiteElo "1300"]
[BlackElo "1035"]
[PlyCount "135"]
[EventDate "2021.10.22"]
[EventType "swiss"]
[EventRounds "9"]
[EventCountry "NET"]
[SourceTitle "EXT 2023"]
[Source "ChessBase"]
[SourceDate "2022.10.05"]
[SourceVersion "1"]
[SourceVersionDate "2022.10.05"]
[SourceQuality "1"]

1. d4 d5 2. Nf3 Nf6 3. e3 Nbd7 4. Bd3 g6 5. c3 Bg7 6. Nbd2 c5 7. 0-0 0-0 8. e4 cxd4 9. Nxd4 Nc5 10. Bc2 Ncxe4 11. Nxe4 Nxe4 12. Be3 e5 13. Ne2 f5 14. Bb3 Be6 15. Ng3 Nf6 16. f4 Ng4 17. Bc5 Qh4 18. h3 Qxg3 19. hxg4 Rfd8 20. gxf5 Bxf5 21. Bxd5+ Kh8 22. Qf3 Qxf3 23. Bxf3 e4 24. Bd1 Rd2 25. Rf2 Rad8 26. Rxd2 Rxd2 27. Ba3 e3 28. Bf3 e2 29. Re1 Bd3 30. Kf2 Bf6 31. g3 g5 32. f5 Bxf5 33. Rxe2 Rxe2+ 34. Kxe2 b6 35. g4 Be6 36. Kd3 Bxa2 37. Ke4 Be6 38. Be2 Bd7 39. Kd5 Bc8 40. Bd6 Bd8 41. Kc6 Kg7 42. Bb8 a6 43. c4 Bf6 44. b3 Bd4 45. Ba7 h5 46. gxh5 g4 47. Bf1 Bf5 48. Bg2 Bc3 49. Bxb6 Bc2 50. c5 Bxb3 51. Kb7 Ba4 52. c6 Bxc6+ 53. Bxc6 a5 54. Ka6 g3 55. Be3 a4 56. Bxa4 g2 57. Be8 Kf8 58. Bg6 Bd4 59. Bxd4 g1Q 60. Bxg1 Kg7 61. Kb6 Kh6 62. Kc6 Kg5 63. Kd6 Kh6 64. Ke6 Kg7 65. Be3 Kh8 66. h6 Kg8 67. h7+ Kh8 68. Bd4# 1-0